000
00202nam a22000857a 4500
008
161125b xxu||||| |||| 00| 0 eng d
100
_9
1443
_a
Dickens, C
245
_a
Oliver Twist
260
_a
Delhi
_b
CBSE
_c
2007
999
_c
4167
_d
4167